书目信息 |
| 题名: |
世界十大珍宝之谜
|
|
| 作者: | 唐燕能 , 朱坚劲 编著 | |
| 分册: | ||
| 出版信息: | 南京 江苏人民出版社 1997.05 |
|
| 页数: | 197页 | |
| 开本: | 32开 | |
| 丛书名: | ||
| 单 册: | ||
| 中图分类: | K86 | |
| 科图分类: | ||
| 主题词: | 文物--考古--世界 | |
| 电子资源: | ||
| ISBN: | 7-214-01874-8 | |
| 000 | 00581nam0 2200193 45 | |
| 001 | 0011210999 | |
| 005 | 20001121094435.4 | |
| 010 | @a7-214-01874-8@dCNY 10.00 | |
| 100 | @a20001121d1997 km y0chiy0120 ea | |
| 101 | 0 | @achi |
| 200 | 1 | @a世界十大珍宝之谜@AShi Jie Shi Da Zhen Bao Zhi Mi@f唐燕能,朱坚劲编著@FTang Yan Neng,Zhu Jian Jin Bian Zhu |
| 210 | @a南京@c江苏人民出版社@d1997.05 | |
| 215 | @a197页@d32开 | |
| 606 | 0 | @a文物@x考古@x世界 |
| 690 | @aK86@v3 | |
| 701 | 0 | @a唐燕能@4编著 |
| 701 | 0 | @a朱坚劲@4编著 |
| 801 | @aCN@bPftUser@c20001121 | |
| 905 | @b414428-429@dK86@eZH347@f2 | |
| 世界十大珍宝之谜/唐燕能,朱坚劲编著.-南京:江苏人民出版社,1997.05 |
| 197页;32开 |
| ISBN 7-214-01874-8:CNY 10.00 |
| ● |
| 相关链接 |
|
|
|
正题名:世界十大珍宝之谜
索取号:K86/ZH347
 
预约/预借
| 序号 | 登录号 | 条形码 | 馆藏地/架位号 | 状态 | 备注 |
| 1 | 414428 | 204144283 | 社科库309/309社科库 7排1列3层/ [索取号:K86/ZH347] | 在馆 | |
| 2 | 414429 | 204144292 | 社科库309/309社科库 7排1列3层/ [索取号:K86/ZH347] | 在馆 |